Online Catalogue and eLibrary

Sandungira giniganiyi (Record no. 5319)

MARC details
000 -LEADER
fixed length control field 00401nam a2200169Ia 4500
005 - DATE AND TIME OF LATEST TRANSACTION
control field 20250428022146.0
008 - FIXED-LENGTH DATA ELEMENTS--GENERAL INFORMATION
fixed length control field 240331s9999 xx 000 0 und d
020 ## - INTERNATIONAL STANDARD BOOK NUMBER
ISBN 9559525417
082 ## - DDC Classification
Item Number - Author Mark RAJ
Class No. 891
100 ## - MAIN ENTRY--PERSONAL NAME
Personal name Rajakarunanayake,S
245 #0 - TITLE STATEMENT
Title Sandungira giniganiyi
250 ## - EDITION STATEMENT
Edition statement 2nd
260 ## - PUBLICATION, DISTRIBUTION, ETC.
Place of publication, distribution, etc. Pagoda
Name of publisher, distributor, etc. Nihal Rajakarunanayage
Date of publication, distribution, etc. 1990
300 ## - PHYSICAL DESCRIPTION
Extent (e.g. Volumes, Pages etc.) 254 p .,
650 ## - SUBJECT ADDED ENTRY--TOPICAL TERM
Topical term or geographic name entry element A Novel
942 ## - Koha item type (Biblio)
Koha item type Books in Stacks (Lending)
Holdings
Lost status Damaged status Collection code Home library Current library Shelving location Date acquired Full call number Accession Number Item type
    Lending WERC Library WERC Library Social Science Cupboard 03/31/2024 891.48 RAJ 1891 Books in Stacks (Lending)

© WERC Library